00777nim a2200205 i 4500001000400000100001900004245015500023260004000178300001800218650004300236655002500279700003200304700003200336700003300368020001500401040000800416041000800424008004100432856009800473bgj1 aBURGESS, Sally10aGoing for Gold :bintermediate plus : matura maximiser /cSally Burgess ; with Richard Acklam and Araminta Crace ; zadania maturalne: Hanna Mrozowska. aHarlow, Essex :bLongman,cc. 2005. acompact disc. 9aEnglish languagexIntermediatexMatura aExercises, questions1 aACKLAM, Richard.eco-author1 aCRACE, Araminta.eco-author1 aMROZOWSKA, Hanna.eco-author a1405808993 cBPK0 aeng s uk f |000 0 eng  uhttp://koha.tu.koszalin.pl/cgi-bin/koha/opac-detail.pl?biblionumber=41219yKatalog online BPK